| 000 | 00000nas 2200000zi 4500 |
| 001 | 9.878435 |
| 003 | CaOODSP |
| 005 | 20221107165235 |
| 006 | m go d f |
| 007 | cr cn |||||||| |
| 008 | 190823d20162017qucar p o f0###b0eng|d |
| 022 | |z1701-6606 |
| 040 | |aCaOODSP|beng|erda|cCaOODSP |
| 043 | |an-cn--- |
| 086 | 1 |aTU1-3/2E-PDF |
| 245 | 00|aStatistical summary, air occurrences … |
| 246 | 13|aStatistical summary, air occurrences in … |f2017 |
| 264 | 1|a[Gatineau, Quebec] : |bTransportation Safety Board of Canada = Bureau de la sécurité des transports du Canada, |c2017-2018. |
| 310 | |aAnnual |
| 336 | |atext|2rdacontent |
| 337 | |acomputer|2rdamedia |
| 338 | |aonline resource|2rdacarrier |
| 362 | 1 |aBegan with 2016; ceased with 2017. |
| 500 | |aIssued also in French under title: Sommaire statistique des événements aéronautiques ... |
| 692 | 07|2gccst|aAir transport |
| 692 | 07|2gccst|aAir safety |
| 710 | 2 |aTransportation Safety Board of Canada. |
| 780 | 00|tStatistical summary, aviation occurrences |w(CaOODSP)9.505777 |
| 785 | 00|tStatistical summary, air transportation occurrences in … |w(CaOODSP)9.877359 |